| 000 | 00687cam a22002053a 4500 | ||
|---|---|---|---|
| 001 | 41208 | ||
| 003 | PGUSA | ||
| 005 | 20140828083928.0 | ||
| 008 | 121028s2012||||xxu|||||s|||||000 | eng d | ||
| 040 |
_aPGUSA _beng |
||
| 042 | _adc | ||
| 100 | 1 |
_aDozy, Reinhart Pieter Anne, _d1820-1883 |
|
| 245 | 1 | 0 |
_aHistoire des Musulmans d'Espagne, t. 3/4 : _bjusqu'à la conquête de l'Andalouisie par les Almoravides (711-1100) _h[electronic resource] / _cReinhart Pieter Anne Dozy |
| 260 |
_bProject Gutenberg, _c2012 |
||
| 506 | _aPublic domain in the USA. | ||
| 516 | _aElectronic text | ||
| 830 | 0 |
_aProject Gutenberg _v41208 |
|
| 856 | 4 | 0 | _uhttp://www.gutenberg.org/ebooks/41208 |
| 942 | _cEB | ||
| 999 |
_c270460 _d270460 |
||